| 000 | 00831cam a22002773a 4500 | ||
|---|---|---|---|
| 001 | 33153 | ||
| 003 | PGUSA | ||
| 005 | 20140828083722.0 | ||
| 008 | 100714s2010||||xxu|||||s|||||000 | eng d | ||
| 040 |
_aPGUSA _beng |
||
| 042 | _adc | ||
| 050 | 4 | _aJX | |
| 100 | 1 |
_aWeyl, Walter E. _q(Walter Edward), _d1873-1919 |
|
| 245 | 1 | 0 |
_aAmerican World Policies _h[electronic resource] / _cWalter E. Weyl |
| 260 |
_bProject Gutenberg, _c2010 |
||
| 506 | _aPublic domain in the USA. | ||
| 516 | _aElectronic text | ||
| 653 | _aUnited States -- Foreign relations -- 1913-1921 | ||
| 653 | _aWorld War, 1914-1918 | ||
| 653 | _aUnited States -- Economic policy -- To 1933 | ||
| 653 | _aImperialism | ||
| 653 | _aWorld politics | ||
| 830 | 0 |
_aProject Gutenberg _v33153 |
|
| 856 | 4 | 0 | _uhttp://www.gutenberg.org/ebooks/33153 |
| 942 | _cEB | ||
| 999 |
_c262408 _d262408 |
||